Louis Tomlinson - Palaces - All lyrics - Statistics

General Stats
  • This quiz has been taken 50 times
    49 since last reset
  • The average score is 222 of 270
Answer Stats
Answer % Correct
I
100%
I,
100%
mind
100%
mind,
100%
mind)
100%
my
100%
(My
100%
palaces
100%
a
95%
an
95%
and
95%
And
95%
for
95%
in
95%
of
95%
oh
95%
Oh
95%
the
95%
The
95%
all
89%
can
89%
It
89%
it,
89%
it
89%
know
89%
night
89%
stay
89%
that
89%
You
89%
It's
84%
it's
84%
queens
84%
To
84%
to
84%
be
79%
can't
79%
care
79%
don't
79%
Every
79%
every
79%
(Every
79%
fuck
79%
I'm
79%
Kings
79%
(Kings
79%
lost
79%
not
79%
On
79%
outside
79%
that's
79%
up,
79%
but
74%
fight
74%
fight)
74%
from
74%
is
74%
Is
74%
me
74%
see
74%
There's
74%
time,
74%
tonight
74%
world
74%
borderlines
68%
borderlines)
68%
Something
68%
something
68%
are
63%
familiar
63%
feel
63%
happening
63%
how
63%
raining
63%
same,
63%
same
63%
tasting
63%
beauty
58%
completely
58%
deep
58%
doing
58%
everything's
58%
face
58%
head
58%
jungle
58%
oasis
58%
pull
58%
pulls
58%
still,
58%
strange
58%
think
58%
through
58%
your
58%
changing
53%
drag
53%
here
53%
myself
53%
standing
53%
stars
53%
Stop
53%
this
53%
way,
53%
overreacting
47%
planned
47%
decorations
42%
Either
42%
high
42%
into
42%
trouble
42%
walls
42%
attraction
37%
bar
37%
round
37%
street
37%
written
37%
tunnel
32%
It'll
21%
No matching quizzes found
Score Distribution
Percent of People with Each Score
Percentile by Number Answered
Your Score History
You have not taken this quiz since the last reset